Culture Générale - Série 2051 - Statistiques

Statistiques générales
  • Ce quiz a été pris 93 fois
  • Le résultat moyen est 5 sur 10
Statistiques - réponses
Question Réponse % Correct
Dans quel pays africain se trouve le désert du Namib ? Namibie
88%
Comment se nomme l'oiseau représenté sur la photographie et qui un est un symbole de la Guyane ? toucan
75%
Quel adjectif désigne un angle de 180° ? plat
69%
L'ypérite est un gaz de combat appelé " gaz .... moutarde
64%
"Vivre vite, mourir jeune, faire un beau cadavre", telle était la philosophie de cet acteur décédé à l'âge de 24 ans. James Dean
61%
Quel fruit a pour variété "Rouge du Roussillon" et "Bergeron" ? abricot
49%
Quel animal est la tégénaire ? araignée
31%
Quel footballeur africain a été le premier à recevoir "le ballon d'or" en 1995 ? George Weah
29%
Sous quel nom connait-on mieux cette matière très résistante à la chaleur appelée "asbeste" ? amiante
20%
Dans l'ancienne Russie : ermite ou pèlerin considéré comme thaumaturge ou prophète, et souvent choisi comme maître spirituel starets
4%
Aucun quiz correspondant
Distribution des résultats
% des personnes avec chaque résultat
Percentile par nombre de réponses
Votre historique - résultats
Vous n’avez pas pris ce quiz